LEADER 01466nam a2200277 i 4500 001 000000340200 003 CaOOAMICUS 005 20210422150819.0 008 200516s1975 vc u001 u ita u 013 $a175283 040 $aSeMil$bita 245 00$aEsortazione apostolica Evangelii Nuntiandi di Sua Santitā Paolo 6. all'episcopato, al clero e ai fedeli di tutta la chiesa cattolica circa l'evangelizzazione nel mondo contemporaneo. 264 1$a[Cittā del Vaticano] :$bTipografia Poliglotta Vaticana,$c[1975] 300 $a116 p. ;$c23 cm. 541 $aFondo Card. Giovanni Colombo (3GC VIII 255/22) 650 4$aPaolo VI - Esortazioni apostoliche . Evangelii nuntiandi.$0(OLS)http://semarc/subject/50307 700 0 $aPaulus VI,$c.$0(OLS)http://semarc/name/803 850 $aSeMil 852 $aSeMil$W1$xVenegono$y1$m3GC VIII 255/22$j220949$B231324$CSeMilBibl$Z2$F231324 $8B 900 1 $aMontini, Giovanni Battista,$d<1897-1978>. 900 0 $aPaolo VI$c. 996 $6245$aEsortazione apostolica Evangelii Nuntiandi di Sua Santitā Paolo 6. all'episcopato, al clero e ai fedeli di tutta la chiesa cattolica circa l'evangelizzazione nel mondo contemporaneo$9(OLS)http://semarc/title/429205 996 $6264$a[Cittā del Vaticano] :$bTipografia Poliglotta Vaticana$9(OLS)http://semarc/publisher/32047 LEADER 01358nas a2200265 i 4500 001 000000227359 003 CaOOAMICUS 005 20140407000000.0 008 140221b2013 it uu u0 0ita r 013 $a206261 020 $a978-88-205-1051-0 040 $aSeMil$bita 245 10$a2013. 260 $aMilano :$bCisalpino, Istituto Editoriale Universitario-Monduzzi Ed.,$ccopyr. 2013. 300 $a458 p. :$bill., tabelle ;$c24 cm. 500 $aContiene : Atti della Societā Storica Lombarda 2012-2013. - Sul verso del front. : Questo numero della rivista č stato realizzato grazie all'appoggio affezionato degli "Amici dell'Archivio Storico Lombardo" ... e con il sostegno di Intesa San Paolo. - Articoli con sintesi in inglese [Abstract] in coda. 700 1 $aGruppo Intesa San Paolo.$0(OLS)http://semarc/name/78806 700 1 $aAmici dell'Archivio Storico Lombardo .$0(OLS)http://semarc/name/68557 774 0 $t[vedi periodico].$w()280654 850 $aSeMil 852 $aSeMil$W1$xVenegono$y1$m1 6 19$j177705$B177705$CSeMilBibl$Z2$F190023 $85 961 $aCambio: Scuola Cattolica 996 $6020$a978-88-205-1051-0$9(OLS)http://semarc/number/228953 996 $6245$a2013$9(OLS)http://semarc/title/165702 996 $6260$aMilano :$bCisalpino, Istituto Editoriale Universitario-Monduzzi Ed.$9(OLS)http://semarc/publisher/44157